[Event "26. Torneo Collado Villalba"]
[Site "Collado Villalba ESP"]
[Date "2009.08.27"]
[Round "7.34"]
[White "Garcia-Sanchez Navarro, Mariano"]
[Black "Herrero Corada, Jose Ignacio"]
[Result "0-1"]
[WhiteElo "1600"]
[BlackElo "1944"]
[PlyCount "102"]
[EventDate "2009.08.21"]
[EventType "swiss"]
[EventRounds "9"]
[EventCountry "ESP"]
[Source "lmi"]
[SourceDate "2009.08.21"]

1. e4 c6 2. Bc4 d5 3. exd5 cxd5 4. Bb3 Nf6 5. d4 Nc6 6. c3 Bf5 7. Nf3 e6 8. Bg5
Be7 9. O-O O-O 10. Nh4 Be4 11. f3 Bg6 12. Nxg6 hxg6 13. Nd2 Qc7 14. f4 b5 15.
Nf3 Ng4 16. Qd3 Rab8 17. h3 Nf6 18. Bc2 Rfc8 19. a3 Ne4 20. Bxe7 Nxe7 21. Ng5
Nd6 22. Rae1 Qc4 23. Qe3 Nef5 24. Bxf5 Nxf5 25. Qe5 Qc7 26. Qe2 Ng3 27. Qf2
Nxf1 28. Qh4 Qd7 29. Qh7+ Kf8 30. Qh8+ Ke7 31. Qxg7 Kd6 32. Nxf7+ Kc7 33. Qe5+
Kb6 34. Qf6 Ng3 35. Rxe6+ Rc6 36. Rxc6+ Qxc6 37. Qg7 Nf5 38. Qh7 Qe6 39. Ne5
Ne7 40. Qh4 Nc6 41. Qe1 Nxe5 42. dxe5 Rc8 43. Qe3+ Kb7 44. Qd3 a6 45. a4 bxa4
46. g4 Qb6+ 47. Qd4 Qxd4+ 48. cxd4 Rc1+ 49. Kf2 Rc2+ 50. Ke3 Rxb2 51. f5 a3 0-1

[Event "26. Torneo Collado Villalba"]
[Site "Collado Villalba ESP"]
[Date "2009.08.27"]
[Round "7.35"]
[White "Tevar Sanz, Gonzalo"]
[Black "Luna Hermoso, Angel"]
[Result "0-1"]
[WhiteElo "1882"]
[BlackElo "2115"]
[PlyCount "56"]
[EventDate "2009.08.21"]
[EventType "swiss"]
[EventRounds "9"]
[EventCountry "ESP"]
[Source "lmi"]
[SourceDate "2009.08.21"]

1. d4 Nf6 2. Nf3 c5 3. Bf4 cxd4 4. Nxd4 e5 5. Bxe5 Qa5+ 6. Nd2 Qxe5 7. Nc4 Qc5
8. e3 d5 9. Nb3 Qb4+ 10. c3 Qa4 11. Na3 Bxa3 12. bxa3 Qxa3 13. Bd3 Nc6 14. O-O
O-O 15. f4 Qe7 16. Qd2 Ne4 17. Qc2 Bf5 18. h3 Rac8 19. g4 Nb4 20. cxb4 Rxc2 21.
Bxc2 Qh4 22. gxf5 Qg3+ 23. Kh1 Qxh3+ 24. Kg1 Qxe3+ 25. Kh1 Ng3+ 26. Kg2 Nxf1
27. Rxf1 Rc8 28. Rf3 Rxc2+ 0-1

[Event "26. Torneo Collado Villalba"]
[Site "Collado Villalba ESP"]
[Date "2009.08.27"]
[Round "7.37"]
[White "Guisado Gomez, Francisco"]
[Black "Rodriguez De Robles, Ignacio"]
[Result "0-1"]
[WhiteElo "1799"]
[BlackElo "1993"]
[PlyCount "92"]
[EventDate "2009.08.21"]
[EventType "swiss"]
[EventRounds "9"]
[EventCountry "ESP"]
[Source "lmi"]
[SourceDate "2009.08.21"]

1. d4 Nf6 2. c4 g6 3. Nc3 Bg7 4. e4 d6 5. Nf3 O-O 6. Be3 e5 7. dxe5 dxe5 8.
Qxd8 Rxd8 9. Nd5 Nxd5 10. cxd5 c6 11. Bc4 Nd7 12. dxc6 bxc6 13. Bg5 Re8 14. O-O
Nc5 15. Rfe1 Be6 16. Bxe6 Nxe6 17. Rac1 Rac8 18. Red1 Nd4 19. Rc5 f6 20. Be3
Bf8 21. Ra5 Rcd8 22. Nxd4 exd4 23. Rxd4 Rxd4 24. Bxd4 Rxe4 25. Be3 Bh6 26. Ra3
Bxe3 27. fxe3 Re7 28. Kf2 Kf7 29. Rc3 Re6 30. Rc5 Rd6 31. b4 Ke7 32. Kf3 Kd8
33. Ra5 Rd7 34. Ra6 Rc7 35. Ke4 Kc8 36. Kd4 Kb7 37. Ra5 Rd7+ 38. Kc3 Rd1 39.
Rc5 Kc7 40. Rc4 f5 41. g4 Rc1+ 42. Kd4 Rxc4+ 43. Kxc4 fxg4 44. e4 h5 45. e5 h4
46. b5 g3 0-1

[Event "26. Torneo Collado Villalba"]
[Site "Collado Villalba ESP"]
[Date "2009.08.27"]
[Round "7.38"]
[White "Fernandez Garcia, Ignacio"]
[Black "Medrano Del Val, Julio"]
[Result "0-1"]
[WhiteElo "1958"]
[BlackElo "1810"]
[PlyCount "34"]
[EventDate "2009.08.21"]
[EventType "swiss"]
[EventRounds "9"]
[EventCountry "ESP"]
[Source "lmi"]
[SourceDate "2009.08.21"]

1. e4 d5 2. e5 c5 3. b4 cxb4 4. d4 e6 5. Bd3 Nc6 6. Nf3 Bd7 7. Be3 a6 8. Ng5
Be7 9. Qg4 Nh6 10. Qh5 Nxd4 11. Nxf7 Nxc2+ 12. Bxc2 Nxf7 13. O-O g6 14. Qh3
Nxe5 15. Nd2 Rc8 16. Rac1 O-O 17. Bh6 Re8 0-1

[Event "26. Torneo Collado Villalba"]
[Site "Collado Villalba ESP"]
[Date "2009.08.27"]
[Round "7.39"]
[White "Algaba Traspuesto, Jose Antonio"]
[Black "Baeza Escudero, Javier"]
[Result "0-1"]
[WhiteElo "1746"]
[BlackElo "1946"]
[PlyCount "60"]
[EventDate "2009.08.21"]
[EventType "swiss"]
[EventRounds "9"]
[EventCountry "ESP"]
[Source "lmi"]
[SourceDate "2009.08.21"]

1. d4 d5 2. Nf3 Nf6 3. e3 e6 4. Bd3 c5 5. b3 b6 6. Qe2 Bb7 7. O-O Be7 8. Bb2
O-O 9. Nbd2 Nc6 10. a3 h6 11. Ne5 Nxe5 12. dxe5 Nd7 13. c4 Qc7 14. f4 Rad8 15.
Rad1 Nb8 16. Qf2 Nc6 17. Nf3 dxc4 18. Bxc4 Na5 19. g4 Nxc4 20. bxc4 Be4 21. Nd2
Bd3 22. Rfe1 f5 23. gxf5 Bxf5 24. e4 Bg4 25. Rb1 Rd3 26. Re3 Qd8 27. Bc3 Bh4
28. Qg2 Rxe3 29. Qxg4 Rxc3 30. Qxe6+ Kh8 0-1

[Event "26. Torneo Collado Villalba"]
[Site "Collado Villalba ESP"]
[Date "2009.08.27"]
[Round "7.41"]
[White "Cano Mercado, Francisco Manuel"]
[Black "Benitez Cadenas, Luis Miguel"]
[Result "0-1"]
[WhiteElo "1920"]
[BlackElo "1754"]
[PlyCount "56"]
[EventDate "2009.08.21"]
[EventType "swiss"]
[EventRounds "9"]
[EventCountry "ESP"]
[Source "lmi"]
[SourceDate "2009.08.21"]

1. e4 c5 2. Nc3 e6 3. g3 Nc6 4. Bg2 Nf6 5. f4 d6 6. Nf3 a6 7. O-O Qc7 8. d3 Be7
9. a4 O-O 10. h3 Bd7 11. g4 h6 12. Bd2 Qb6 13. Kh2 Qc7 14. Ne2 b5 15. Ng3 Rfc8
16. c3 Rcb8 17. Rb1 bxa4 18. Qxa4 Nb4 19. Qd1 Nxd3 20. e5 Nd5 21. exd6 Bxd6 22.
Ne5 Nxe5 23. fxe5 Bxe5 24. Rf3 Bc6 25. Qf1 Nf6 26. Re3 Bxg3+ 27. Rxg3 Ne4 28.
Bxe4 Bxe4 0-1

[Event "26. Torneo Collado Villalba"]
[Site "Collado Villalba ESP"]
[Date "2009.08.27"]
[Round "7.43"]
[White "Prieto Velasco, Rafael"]
[Black "Rodriguez Fenoy, Inmaculada"]
[Result "1-0"]
[WhiteElo "1727"]
[BlackElo "1707"]
[PlyCount "89"]
[EventDate "2009.08.21"]
[EventType "swiss"]
[EventRounds "9"]
[EventCountry "ESP"]
[Source "lmi"]
[SourceDate "2009.08.21"]

1. d4 Nf6 2. c4 e6 3. Nc3 d5 4. cxd5 exd5 5. Bg5 c6 6. e3 Na6 7. a3 Nc7 8. Bd3
Be7 9. Nge2 Ne6 10. Bh4 Qc7 11. Rc1 Qd8 12. Bg3 Nf8 13. Qc2 Ng6 14. Nf4 Bd6 15.
Nce2 Qe7 16. Nxg6 fxg6 17. b4 a6 18. Bxd6 Qxd6 19. Qc5 Qe7 20. Qxe7+ Kxe7 21.
Ng3 Kf7 22. O-O Rf8 23. Rc2 Be6 24. h3 Kg8 25. Rfc1 Rf7 26. Nf1 Bf5 27. Bxf5
gxf5 28. Nd2 Ne4 29. Nf3 Nd6 30. Ne5 Re7 31. a4 Rf8 32. g3 Nf7 33. Nxf7 Rfxf7
34. Rc5 Rd7 35. b5 axb5 36. axb5 cxb5 37. Rxb5 Rf6 38. Rc8+ Kf7 39. Rb8 g5 40.
R8xb7 Rxb7 41. Rxb7+ Ke6 42. Rxh7 f4 43. Ra7 Kf5 44. Re7 Kg6 45. Re5 1-0

[Event "26. Torneo Collado Villalba"]
[Site "Collado Villalba ESP"]
[Date "2009.08.28"]
[Round "8.1"]
[White "Vazquez Igarza, Renier"]
[Black "Perez Gonzalez, Jose Manuel"]
[Result "1-0"]
[WhiteElo "2570"]
[BlackElo "2307"]
[PlyCount "81"]
[EventDate "2009.08.21"]
[EventType "swiss"]
[EventRounds "9"]
[EventCountry "ESP"]
[Source "lmi"]
[SourceDate "2009.08.21"]

1. Nf3 g6 2. c4 Bg7 3. Nc3 d6 4. d4 Nd7 5. e4 e5 6. Be2 Ne7 7. O-O O-O 8. Re1
Nc6 9. Bg5 Bf6 10. Be3 exd4 11. Nxd4 Nxd4 12. Bxd4 Nb6 13. Bf1 Bd7 14. Bxf6
Qxf6 15. e5 Qe7 16. exd6 Qxd6 17. Qxd6 cxd6 18. Rad1 Be6 19. Rxd6 Rad8 20. Rxd8
Rxd8 21. b3 a5 22. Re5 Ra8 23. Rb5 Ra6 24. Ne4 Bd7 25. Nf6+ Kg7 26. Nxd7 Nxd7
27. Rxb7 Nc5 28. Rc7 Ne6 29. Rd7 Kf8 30. g3 Ke8 31. Rd5 Ke7 32. f4 a4 33. b4 a3
34. Kf2 Ra4 35. Rb5 Nd4 36. Rb7+ Kd8 37. c5 Nc2 38. Bb5 Rxb4 39. c6 Kc8 40. Bd3
Rd4 41. Rd7 1-0

[Event "26. Torneo Collado Villalba"]
[Site "Collado Villalba ESP"]
[Date "2009.08.28"]
[Round "8.4"]
[White "Ubilava, Elizbar"]
[Black "Castano, Henry Augusto"]
[Result "1-0"]
[WhiteElo "2547"]
[BlackElo "2237"]
[PlyCount "77"]
[EventDate "2009.08.21"]
[EventType "swiss"]
[EventRounds "9"]
[EventCountry "ESP"]
[Source "lmi"]
[SourceDate "2009.08.21"]

1. d4 Nf6 2. c4 c5 3. Nf3 cxd4 4. Nxd4 e6 5. Nc3 a6 6. a3 Qc7 7. e4 b6 8. Be3
Bb7 9. f3 d6 10. Rc1 Be7 11. Be2 O-O 12. O-O Nbd7 13. b4 Rac8 14. Re1 Qb8 15.
Bf1 Bd8 16. Kh1 Bc7 17. Bg1 Qa8 18. Qd2 Kh8 19. Na4 Rg8 20. c5 bxc5 21. bxc5
Nxc5 22. Nxc5 dxc5 23. Rxc5 Bd8 24. Rxc8 Bxc8 25. Qb4 h5 26. Rc1 h4 27. Nc6 Qb7
28. Qxb7 Bxb7 29. Ne5 Kh7 30. Nxf7 Kg6 31. Nd6 Ba8 32. e5 Be7 33. Bd3+ Kh5 34.
exf6 gxf6 35. Ne4 f5 36. Nf2 Bxa3 37. Rb1 Bd5 38. Nh3 Bd6 39. Be3 1-0

[Event "26. Torneo Collado Villalba"]
[Site "Collado Villalba ESP"]
[Date "2009.08.28"]
[Round "8.5"]
[White "Perez De Aranda A, Leonardo I"]
[Black "Rojas Keim, Luis"]
[Result "0-1"]
[WhiteElo "2224"]
[BlackElo "2453"]
[PlyCount "90"]
[EventDate "2009.08.21"]
[EventType "swiss"]
[EventRounds "9"]
[EventCountry "ESP"]
[Source "lmi"]
[SourceDate "2009.08.21"]

1. b3 Nf6 2. Bb2 e6 3. e3 c5 4. f4 Be7 5. Nf3 b6 6. a4 a6 7. Na3 d6 8. Nc4 Nbd7
9. Be2 Bb7 10. O-O O-O 11. Qe1 Ne8 12. Qg3 Bf6 13. d4 cxd4 14. Nxd4 Qc7 15. Ba3
Nc5 16. Bd3 Nxd3 17. cxd3 Bxd4 18. exd4 b5 19. Nd2 Qc3 20. Qe3 Qc6 21. d5 Qxd5
22. Rf3 Rc8 23. axb5 axb5 24. Rg3 Rc2 25. Rg5 f5 26. Re1 Nf6 27. h3 Kf7 28. Re2
Ra8 29. Bb4 Ra1+ 30. Kh2 Rcc1 31. Ne4 Nxe4 32. dxe4 Qxe4 33. Qxc1 Rxc1 34. Rxe4
fxe4 35. Rxb5 Bc6 36. Rb6 e3 37. Kg3 Rc2 38. f5 e5 39. Bxd6 Rxg2+ 40. Kh4 e2
41. Bb4 Bf3 42. Rd6 g5+ 43. fxg6+ hxg6 44. Rd7+ Kf6 45. Rd6+ Kf5 0-1

[Event "26. Torneo Collado Villalba"]
[Site "Collado Villalba ESP"]
[Date "2009.08.28"]
[Round "8.6"]
[White "Barria Zuniga, Daniel"]
[Black "Solaesa Navalpotro, Luis Julio"]
[Result "0-1"]
[WhiteElo "2426"]
[BlackElo "2223"]
[PlyCount "58"]
[EventDate "2009.08.21"]
[EventType "swiss"]
[EventRounds "9"]
[EventCountry "ESP"]
[Source "lmi"]
[SourceDate "2009.08.21"]

1. d4 c5 2. d5 e5 3. c4 d6 4. Nc3 g6 5. g3 Bg7 6. Bg2 Ne7 7. e4 Nd7 8. Nh3 O-O
9. O-O a6 10. a4 h6 11. Kh1 Kh7 12. Bd2 f5 13. f4 Rb8 14. Rb1 fxe4 15. Nxe4 Nf6
16. Nxd6 Bxh3 17. Bxh3 Qxd6 18. fxe5 Qxe5 19. Bf4 Qe4+ 20. Bg2 Qxc4 21. Bxb8
Rxb8 22. Rc1 Qb4 23. Rf4 Qxb2 24. Rxc5 Qe5 25. Qc1 b6 26. Rc2 Nexd5 27. Rf1 Re8
28. Rg1 Re7 29. Bf1 Ne3 0-1

[Event "26. Torneo Collado Villalba"]
[Site "Collado Villalba ESP"]
[Date "2009.08.28"]
[Round "8.7"]
[White "Martinez Rodriguez, Pablo"]
[Black "Hernandez Gallardo, Fco  Javier"]
[Result "1/2-1/2"]
[WhiteElo "2213"]
[BlackElo "2352"]
[PlyCount "42"]
[EventDate "2009.08.21"]
[EventType "swiss"]
[EventRounds "9"]
[EventCountry "ESP"]
[Source "lmi"]
[SourceDate "2009.08.21"]

1. d4 Nf6 2. c4 e6 3. Nf3 Bb4+ 4. Nbd2 b6 5. a3 Bxd2+ 6. Bxd2 Bb7 7. Bg5 d6 8.
e3 Nbd7 9. Bh4 h6 10. Nd2 a5 11. Rc1 e5 12. f3 exd4 13. exd4 O-O 14. Be2 Re8
15. O-O Qe7 16. Re1 Qe3+ 17. Bf2 Qg5 18. Rc3 Nf8 19. Bf1 Rxe1 20. Qxe1 Re8 21.
Re3 Rxe3 1/2-1/2

[Event "26. Torneo Collado Villalba"]
[Site "Collado Villalba ESP"]
[Date "2009.08.28"]
[Round "8.8"]
[White "Montanes Arribas, Adrian"]
[Black "Gallardo Garcia, Andres"]
[Result "0-1"]
[WhiteElo "2091"]
[BlackElo "2414"]
[PlyCount "64"]
[EventDate "2009.08.21"]
[EventType "swiss"]
[EventRounds "9"]
[EventCountry "ESP"]
[Source "lmi"]
[SourceDate "2009.08.21"]

1. e4 e5 2. Nf3 Nc6 3. Bc4 Bc5 4. c3 Nf6 5. d3 a6 6. Bb3 Ba7 7. O-O O-O 8. Nbd2
d5 9. Qe2 Bg4 10. Re1 d4 11. Nf1 h6 12. h3 Be6 13. Ng3 Qd7 14. Nh4 dxc3 15.
bxc3 Rad8 16. Rd1 Ne7 17. Qf3 Bxb3 18. axb3 Ng6 19. Nhf5 Qe6 20. Nh5 Nxh5 21.
Qxh5 Rfe8 22. Bxh6 gxh6 23. Nxh6+ Kf8 24. Nf5 Qf6 25. Qh6+ Kg8 26. d4 exd4 27.
Rd3 dxc3 28. Rf3 c2 29. Qh5 Qxa1+ 30. Kh2 Qe5+ 31. g3 c1=Q 32. Nh6+ Qxh6 0-1

[Event "26. Torneo Collado Villalba"]
[Site "Collado Villalba ESP"]
[Date "2009.08.28"]
[Round "8.9"]
[White "Suba, Mihai"]
[Black "Cao Armillas, Jesus"]
[Result "1-0"]
[WhiteElo "2540"]
[BlackElo "2199"]
[PlyCount "77"]
[EventDate "2009.08.21"]
[EventType "swiss"]
[EventRounds "9"]
[EventCountry "ESP"]
[Source "lmi"]
[SourceDate "2009.08.21"]

1. c4 c5 2. Nf3 Nc6 3. Nc3 g6 4. e3 Bg7 5. d4 d6 6. Be2 Nf6 7. d5 Nb8 8. h3 O-O
9. e4 b5 10. cxb5 a6 11. O-O axb5 12. Bxb5 Ba6 13. Re1 Nfd7 14. Bxa6 Nxa6 15.
Bg5 h6 16. Bf4 Qb6 17. Qd2 Rfb8 18. Rab1 Kh7 19. e5 dxe5 20. Nxe5 Nxe5 21. Bxe5
Rb7 22. Bxg7 Kxg7 23. Re4 Qf6 24. Qe2 Rab8 25. Ra4 Nc7 26. Rc4 Na6 27. b3 Rb4
28. Rxb4 cxb4 29. Ne4 Qe5 30. Qc4 Nc7 31. Rd1 Ne8 32. Nc5 Qd6 33. Qd4+ Kg8 34.
Ne4 Qc7 35. Re1 Rb5 36. g3 Qa5 37. d6 Rd5 38. d7 Ng7 39. Nf6+ 1-0

[Event "26. Torneo Collado Villalba"]
[Site "Collado Villalba ESP"]
[Date "2009.08.28"]
[Round "8.10"]
[White "Unciti Juan, Javier"]
[Black "Rubio Mejia, Luis Ignacio"]
[Result "0-1"]
[WhiteElo "2107"]
[BlackElo "2371"]
[PlyCount "134"]
[EventDate "2009.08.21"]
[EventType "swiss"]
[EventRounds "9"]
[EventCountry "ESP"]
[Source "lmi"]
[SourceDate "2009.08.21"]

1. e4 c5 2. Nf3 d6 3. d4 cxd4 4. Nxd4 Nf6 5. Nc3 a6 6. Bg5 e6 7. f4 Nbd7 8. Qf3
Qc7 9. O-O-O Be7 10. Bd3 h6 11. Bxf6 Bxf6 12. Be2 Qb6 13. Qe3 Nc5 14. Kb1 Bd7
15. Nb3 Be7 16. Bf3 Na4 17. Qd2 Qb4 18. Nxa4 Qxd2 19. Rxd2 Bxa4 20. Na5 Bc6 21.
Rhd1 O-O-O 22. Rd3 Kc7 23. Nxc6 bxc6 24. c4 Bf6 25. h3 c5 26. Rb3 Rb8 27. Rdd3
Bd4 28. g4 Kd7 29. Kc2 Ke7 30. Rxb8 Rxb8 31. Rb3 Rxb3 32. Kxb3 Be3 33. f5 Kf6
34. Kc2 Kg5 35. Kd3 Bc1 36. b3 Kf4 37. Bg2 Kg3 38. Bf1 Kf2 39. Be2 Kg3 40. Bf1
Bb2 41. Ke3 Bd4+ 42. Kd3 Bf6 43. Ke3 Bg5+ 44. Ke2 a5 45. Kd3 Kf2 46. Be2 Bf6
47. a3 Kg2 48. fxe6 fxe6 49. Ke3 Kxh3 50. Kf3 Kh2 51. Bd3 Be5 52. Be2 Kh3 53.
Kf2 Kh4 54. Ke3 Kg5 55. Kf3 g6 56. Bf1 Bd4 57. Bg2 Kf6 58. Kf4 Be5+ 59. Kf3 Bb2
60. a4 Ke5 61. Ke3 Bc1+ 62. Ke2 Kd4 63. Kd1 Bf4 64. Kc2 Ke3 65. Kc3 Be5+ 66.
Kc2 Kf4 67. Bh3 Kg3 0-1

[Event "26. Torneo Collado Villalba"]
[Site "Collado Villalba ESP"]
[Date "2009.08.28"]
[Round "8.12"]
[White "Arauz Alonso, Fernando"]
[Black "Madina Yadarola, Martin A"]
[Result "0-1"]
[WhiteElo "2155"]
[BlackElo "2250"]
[PlyCount "80"]
[EventDate "2009.08.21"]
[EventType "swiss"]
[EventRounds "9"]
[EventCountry "ESP"]
[Source "lmi"]
[SourceDate "2009.08.21"]

1. d4 Nf6 2. Nf3 g6 3. Bg5 Bg7 4. Nbd2 d5 5. e3 b6 6. c3 O-O 7. Be2 Bb7 8. O-O
Nbd7 9. a4 h6 10. Bh4 a5 11. Qb3 g5 12. Bg3 Nh5 13. Be5 g4 14. Nh4 Bxe5 15.
dxe5 e6 16. g3 Nxe5 17. f4 gxf3 18. Ndxf3 Nxf3+ 19. Nxf3 Qd6 20. Rf2 Nf6 21.
Nd2 Qe5 22. c4 dxc4 23. Nxc4 Qg5 24. Nd2 Rad8 25. Nf3 Qg7 26. Nh4 Ne4 27. Rf4
Ng5 28. Bg4 h5 29. Bxh5 Nh3+ 30. Kf1 Nxf4 31. exf4 Rd2 32. Bf3 Qd4 33. Be2 Rd8
34. Re1 Qe4 35. Qb5 Qh1+ 36. Kf2 Qxh2+ 37. Ke3 Qxg3+ 38. Nf3 Bxf3 39. Bxf3 Qf2+
40. Ke4 Qd4# 0-1

[Event "26. Torneo Collado Villalba"]
[Site "Collado Villalba ESP"]
[Date "2009.08.28"]
[Round "8.13"]
[White "Rodriguez De Castro, Ayar"]
[Black "Ramirez Garcia, Jorge Alberto"]
[Result "0-1"]
[WhiteElo "2084"]
[BlackElo "2203"]
[PlyCount "64"]
[EventDate "2009.08.21"]
[EventType "swiss"]
[EventRounds "9"]
[EventCountry "ESP"]
[Source "lmi"]
[SourceDate "2009.08.21"]

1. d4 Nf6 2. c4 g6 3. g3 Bg7 4. Bg2 O-O 5. Nc3 d6 6. Nf3 c6 7. O-O a6 8. e4 b5
9. e5 Ne8 10. b3 Bg4 11. Bf4 h6 12. Qc2 bxc4 13. bxc4 Bxf3 14. Bxf3 g5 15. Be3
dxe5 16. dxe5 Bxe5 17. Rad1 Qa5 18. Bd4 Bg7 19. Bxg7 Nxg7 20. Rfe1 Ra7 21. Kg2
f5 22. g4 e5 23. Rd6 Raf7 24. Rxh6 e4 25. Bxe4 fxe4 26. Qxe4 Rxf2+ 27. Kg1 R8f6
28. Qb1 Rxh6 29. Kxf2 Rf6+ 30. Kg2 Qxc3 31. Qxb8+ Rf8 32. Qe5 Qf3+ 0-1

[Event "26. Torneo Collado Villalba"]
[Site "Collado Villalba ESP"]
[Date "2009.08.28"]
[Round "8.14"]
[White "Collado Barbas, Laura"]
[Black "Enjuto Velasco, Roberto"]
[Result "1/2-1/2"]
[WhiteElo "2055"]
[BlackElo "2202"]
[PlyCount "45"]
[EventDate "2009.08.21"]
[EventType "swiss"]
[EventRounds "9"]
[EventCountry "ESP"]
[Source "lmi"]
[SourceDate "2009.08.21"]

1. d4 d5 2. c4 e6 3. Nc3 Be7 4. cxd5 exd5 5. Bf4 Nf6 6. e3 c6 7. Bd3 Nbd7 8.
Nge2 Nf8 9. O-O Ne6 10. Bg3 O-O 11. a3 a5 12. Rb1 g6 13. b4 b5 14. f3 Re8 15.
Bc2 Bf8 16. h3 axb4 17. axb4 Bh6 18. Bf2 Ra3 19. e4 Nf4 20. Nxf4 Bxf4 21. Ne2
Bh6 22. e5 Nh5 23. Be1 1/2-1/2

[Event "26. Torneo Collado Villalba"]
[Site "Collado Villalba ESP"]
[Date "2009.08.28"]
[Round "8.15"]
[White "Davicce Canada, Juan Antonio"]
[Black "Bote Alvarez-Carrasco, Valentin"]
[Result "1/2-1/2"]
[WhiteElo "2064"]
[BlackElo "2190"]
[PlyCount "105"]
[EventDate "2009.08.21"]
[EventType "swiss"]
[EventRounds "9"]
[EventCountry "ESP"]
[Source "lmi"]
[SourceDate "2009.08.21"]

1. d4 d5 2. c4 e6 3. Nc3 Be7 4. Nf3 Nf6 5. Qc2 Na6 6. a3 c5 7. cxd5 cxd4 8.
Nxd4 Nxd5 9. e3 Nac7 10. Bd3 h6 11. O-O Bf6 12. Nce2 e5 13. Nf5 g6 14. Nfg3 Kf8
15. Rd1 Qe7 16. Bd2 Kg7 17. Ne4 Bf5 18. N2g3 Bxe4 19. Nxe4 Rhd8 20. Rac1 Rac8
21. Qb3 Nb6 22. Nxf6 Qxf6 23. Be4 Ne6 24. Rxc8 Rxc8 25. Bc3 Nc5 26. Qc2 Nba4
27. Bxb7 Nxc3 28. Bxc8 Nxd1 29. Qxd1 Ne4 30. Qc2 Qd6 31. Bg4 Nf6 32. Be2 a5 33.
h3 Nd5 34. Qd2 Qc5 35. Bf3 Nb6 36. Qc3 Qxc3 37. bxc3 Nd7 38. Kf1 Nc5 39. Bd5 f6
40. h4 g5 41. hxg5 hxg5 42. f3 Kf8 43. e4 Ke7 44. g3 Kd6 45. c4 Nd3 46. Ke2 Nc5
47. Ke3 Nd7 48. f4 gxf4+ 49. gxf4 Nc5 50. Kf3 Nd3 51. fxe5+ Kxe5 52. Ke3 Nc5
53. Bc6 1/2-1/2

[Event "26. Torneo Collado Villalba"]
[Site "Collado Villalba ESP"]
[Date "2009.08.28"]
[Round "8.16"]
[White "Garcia Salamero, Gabriel"]
[Black "Semprun Martinez, Fernando"]
[Result "1/2-1/2"]
[WhiteElo "2034"]
[BlackElo "2179"]
[PlyCount "56"]
[EventDate "2009.08.21"]
[EventType "swiss"]
[EventRounds "9"]
[EventCountry "ESP"]
[Source "lmi"]
[SourceDate "2009.08.21"]

1. e4 c5 2. Nf3 Nc6 3. d4 cxd4 4. Nxd4 g6 5. Nc3 Bg7 6. Nde2 Nf6 7. g3 O-O 8.
Bg2 a6 9. O-O Rb8 10. h3 b5 11. a3 Ne5 12. b3 d6 13. Be3 Bb7 14. Ra2 Ned7 15.
Nd5 Nc5 16. Bxc5 dxc5 17. c4 e6 18. Nxf6+ Qxf6 19. Rd2 Rfd8 20. cxb5 axb5 21.
Rd6 Qe7 22. Rxd8+ Rxd8 23. Qc1 Rd3 24. Qc2 Qd7 25. Qxc5 Rxb3 26. Qa7 Rd3 27.
Nc1 Rd1 28. Nb3 Bf8 1/2-1/2

[Event "26. Torneo Collado Villalba"]
[Site "Collado Villalba ESP"]
[Date "2009.08.28"]
[Round "8.17"]
[White "Barahona Torrijos, Angel"]
[Black "Pastor Alonso De Prado, Emilio Alberto"]
[Result "0-1"]
[WhiteElo "1944"]
[BlackElo "2174"]
[PlyCount "84"]
[EventDate "2009.08.21"]
[EventType "swiss"]
[EventRounds "9"]
[EventCountry "ESP"]
[Source "lmi"]
[SourceDate "2009.08.21"]

1. e4 e5 2. Nf3 Nc6 3. Nc3 d6 4. Bb5 Nf6 5. d4 exd4 6. Nxd4 Bd7 7. Bg5 Be7 8.
O-O O-O 9. Nf5 Bxf5 10. exf5 Nb8 11. Re1 c6 12. Qe2 Re8 13. Bxf6 gxf6 14. Bc4
d5 15. Rad1 Nd7 16. Qg4+ Kh8 17. Bd3 Bc5 18. b4 Bd6 19. Ne2 Ne5 20. Qh4 Rg8 21.
Ng3 Rg4 22. Qh5 Qg8 23. c3 a5 24. b5 Re8 25. Be2 Rf4 26. Qh6 Qg5 27. Qxg5 fxg5
28. Nh5 Ra4 29. bxc6 bxc6 30. c4 Bb4 31. cxd5 Bxe1 32. dxc6 Nxc6 33. Bb5 Rxa2
34. Bxc6 Bxf2+ 35. Kf1 Rb8 36. Bd5 Rc2 37. Bxf7 Bd4 38. Ng3 Rf2+ 39. Ke1 Rxg2
40. Rxd4 Rb1+ 41. Rd1 Rg1+ 42. Nf1 Rxd1+ 0-1

[Event "26. Torneo Collado Villalba"]
[Site "Collado Villalba ESP"]
[Date "2009.08.28"]
[Round "8.19"]
[White "Collado Barbas, Alberto"]
[Black "Alcaraz Amoros, Antonio"]
[Result "1-0"]
[WhiteElo "1986"]
[BlackElo "2135"]
[PlyCount "51"]
[EventDate "2009.08.21"]
[EventType "swiss"]
[EventRounds "9"]
[EventCountry "ESP"]
[Source "lmi"]
[SourceDate "2009.08.21"]

1. d4 d5 2. c4 c6 3. Nf3 Nf6 4. e3 a6 5. Qc2 e6 6. Nbd2 Nbd7 7. b3 b5 8. Bb2
Bb7 9. Bd3 Be7 10. c5 O-O 11. O-O h6 12. Ne5 Nxe5 13. dxe5 Nd7 14. b4 f6 15.
Nf3 fxe5 16. Nxe5 Nxe5 17. Bxe5 Bf6 18. Qc3 a5 19. a3 Bxe5 20. Qxe5 Qf6 21. f4
Qxe5 22. fxe5 Rxf1+ 23. Rxf1 axb4 24. axb4 Ra3 25. Bg6 Rxe3 26. Rf7 1-0

[Event "26. Torneo Collado Villalba"]
[Site "Collado Villalba ESP"]
[Date "2009.08.28"]
[Round "8.20"]
[White "Rodrigo Yanguas, Maria"]
[Black "Velasco Garcia, Jorge Juan"]
[Result "1-0"]
[WhiteElo "2112"]
[BlackElo "1913"]
[PlyCount "49"]
[EventDate "2009.08.21"]
[EventType "swiss"]
[EventRounds "9"]
[EventCountry "ESP"]
[Source "lmi"]
[SourceDate "2009.08.21"]

1. e4 Nf6 2. e5 Nd5 3. d4 c5 4. c4 Nc7 5. d5 d6 6. f4 e6 7. Nc3 b5 8. dxe6 Bxe6
9. cxb5 d5 10. Nf3 Nd7 11. Be2 d4 12. Ne4 Nxb5 13. O-O Qb6 14. Nfg5 Bd5 15. Bf3
Qc6 16. Qe2 d3 17. Qxd3 Nd4 18. Nd6+ Bxd6 19. Bxd5 Qxd5 20. exd6 Qxd6 21. Qe4+
Ne5 22. Qxa8+ Ke7 23. Qxa7+ Nd7 24. Re1+ Kf6 25. Ne4+ 1-0

[Event "26. Torneo Collado Villalba"]
[Site "Collado Villalba ESP"]
[Date "2009.08.28"]
[Round "8.21"]
[White "Lopez Heras, Arturo"]
[Black "Lorite Cruz, Francisco"]
[Result "1/2-1/2"]
[WhiteElo "1931"]
[BlackElo "2084"]
[PlyCount "52"]
[EventDate "2009.08.21"]
[EventType "swiss"]
[EventRounds "9"]
[EventCountry "ESP"]
[Source "lmi"]
[SourceDate "2009.08.21"]

1. e4 d5 2. e5 c5 3. c3 Nc6 4. d4 cxd4 5. cxd4 Qb6 6. Nc3 Qxd4 7. Qxd4 Nxd4 8.
Nxd5 Nc2+ 9. Kd1 Bf5 10. Nc7+ Kd8 11. Nxa8 Nxa1 12. Be3 b6 13. Nxb6 axb6 14.
Bxb6+ Kc8 15. Ba6+ Kb8 16. Nf3 Nc2 17. a3 e6 18. Kd2 Ne7 19. Bd3 Bxd3 20. Kxd3
Nd5 21. Ba5 Nxa3 22. bxa3 Bxa3 23. Rb1+ Ka7 24. Bd2 Bc5 25. Nd4 Bxd4 26. Kxd4
Rd8 1/2-1/2